| 000 | 01405nam a22002897a 4500 | ||
|---|---|---|---|
| 005 | 20090829105527.0 | ||
| 008 | 090829t xxu||||| |||| 00| 0 hin d | ||
| 010 | _aHIN-87891 | ||
| 020 |
_c150.00 _a9788120338081 |
||
| 035 | _aHN-60237 | ||
| 037 | _bDBAD / PUB | ||
| 040 |
_adpl _bhn |
||
| 082 | _a333.794 | ||
| 100 | _aसोलंकी, चेतन सिंह | ||
| 245 |
_aअक्षय ऊर्जा प्रौद्योगिकीः _cचेतन सिंह सोलंकी _bएक व्यावहारिक ज्ञान / |
||
| 246 |
_aAkshay urjaa prodhyogikii : eka vyavhaarika gyaana _bby Chetan Singh Solanki |
||
| 260 |
_aनई दिल्ली _bपी एच आई लर्निंग _c2009 |
||
| 270 |
_aएम-97, कनाट प्लेस, _bनई दिल्ली _e110001 |
||
| 300 |
_axiv,159पृ. _c22सेमी (अजिल्द) |
||
| 650 | _aअक्षय ऊर्जा स्रोत | ||
| 650 | _aRenewable energy sources | ||
| 650 | _aऊर्जा संसाधन | ||
| 650 | _aPower resources | ||
| 700 | _aदीपिका | ||
| 942 |
_2ddc _cHN _mसोलंकी _h333.794 |
||
| 999 |
_c29771 _d29771 |
||